| 000 | 00368nam a2200145 a 4500 | ||
|---|---|---|---|
| 001 | 1292 | ||
| 003 | CDMR | ||
| 005 | 20130717122930.0 | ||
| 008 | 130130s2007||||||||||||||||||||||||||||d | ||
| 040 |
_aCDMR _bcat _cCPC GIRONA |
||
| 100 | 1 |
_aLamarck, Jean Baptiste _91010 |
|
| 245 | 1 | 0 |
_aFilosofia zoològica _cLamarck, Jean Baptiste |
| 260 |
_c2007 _bPòrtic |
||
| 942 |
_cMON _2udc |
||
| 999 |
_c1292 _d1292 |
||